INORGANIC CHEMISTRY (Record no. 96579)

MARC details
000 -LEADER
fixed length control field 00543nam a2200205Ia 4500
003 - CONTROL NUMBER IDENTIFIER
control field OSt
005 - DATE AND TIME OF LATEST TRANSACTION
control field 20220216084340.0
008 - FIXED-LENGTH DATA ELEMENTS--GENERAL INFORMATION
fixed length control field 211118s9999||||xx |||||||||||||| ||und||
020 ## - INTERNATIONAL STANDARD BOOK NUMBER
International Standard Book Number 0-201-32758-9
040 ## - CATALOGING SOURCE
Transcribing agency SBCL
082 ## - DEWEY DECIMAL CLASSIFICATION NUMBER
Classification number 546
Item number HUH-I
100 ## - MAIN ENTRY--PERSONAL NAME
Personal name HUHEEY, JAMES E
245 #0 - TITLE STATEMENT
Title INORGANIC CHEMISTRY
Remainder of title PRINCIPLES OF STRUCTURE AND REACTIVITY
250 ## - EDITION STATEMENT
Edition statement 4
260 ## - PUBLICATION, DISTRIBUTION, ETC.
Name of publisher, distributor, etc. HARPERCOLLINS COLLEGE PUBLISHERS
Place of publication, distribution, etc. NEW YORK
Date of publication, distribution, etc. 1993
300 ## - PHYSICAL DESCRIPTION
Extent 964
630 ## - SUBJECT ADDED ENTRY--UNIFORM TITLE
General subdivision SCIENCE
650 ## - SUBJECT ADDED ENTRY--TOPICAL TERM
Topical term or geographic name entry element SCIENCE
942 ## - ADDED ENTRY ELEMENTS (KOHA)
Koha item type BOOK
650 ## - SUBJECT ADDED ENTRY--TOPICAL TERM
Form subdivision CHEMISTRY
Source of heading or term INORGANIC CHEMISTRY
Holdings
Withdrawn status Lost status Source of classification or shelving scheme Damaged status Not for loan Home library Current library Date acquired Cost, normal purchase price Full call number Barcode Shelving location Date last seen Price effective from Koha item type
    Dewey Decimal Classification     SB LIBRARY SB LIBRARY 18/11/2021 450.00 546 HUH-I 00101850 GENERAL STACK 18/11/2021 18/11/2021 BOOK

Powered by Koha